00434nmm a2200157Ia 4500008004100000020001800041041000800059100002900067245002300096264004200119300001800161650002200179856005100201942000700252999001700259251105s9999||||xx |||||||||||||||||und|| a9788499534824 aspa aPérez Galdós, Benito 0aUn viaje de novios a[Madrid, España] :bLinkgua, c2011 a140 páginas aSpanish narrative uhttps://public.digitaliapublishing.com/a/16412 cCF c93098d93098